ბათუმის შოთა რუსთაველის სახელმწიფო უნივერსიტეტის ბიბლიოთეკა

ელექტროამძრავის ზოგადი კურსი : დამხმ. სახელმძღვ. / (ბიბ.ჩანაწერი № 39677)

000 -ლიდერი
ფიქსირებული სიგრძის საკონტროლო ველი 00966nam a2200217Ia 4500
001 - საკონტროლო ნომერი
საკონტროლო ველი 6280
003 - საკონტროლო ნომრის იდენტიფიკატორი
საკონტროლო ველი GE_BSU
005 - ბოლო ოპერაციის თარიღი და დრო
საკონტროლო ველი 20190627155747.0
008 - ფიქსირებული სიგრძის მონაცემთა ელემენტები - ზოგადი ინფორმაცია
ფიქსირებული სიგრძის საკონტროლო ველი 181216s1969||||ge |||||||||||||| ||geo||
041 ## - ენის კოდი
Language code of text/sound track or separate title geo
080 ## - უნივერსალური ათობითი კლასიფიკაციის ინდექსი
Universal Decimal Classification number 62-83 ი-50
100 ## - მთავარი ჩანაწერი - პიროვნების სახელი
Personal name იმნაძე, გ.
9 (RLIN) 3000
245 ## - ცნობა სათაურის შესახებ
Title ელექტროამძრავის ზოგადი კურსი : დამხმ. სახელმძღვ. /
Statement of responsibility, etc გ. იმნაძე ; რედ : გ.ნიქაბაძე.
250 ## - გამოცემის ცნობა
Edition statement მეორე შევსებ. და გადამუშ. გამოც.
264 ## - წარმოების, გამოცემის, დისტრიბუციის და სხვა ცნობები
გამოცემის, წარმოების, დისტრიბუციის... ადგილი თბილისი :
გამოცემის, წარმოების, დისტრიბუციის... სახელწოდება განათლება,
გამოცემის, წარმოების, დისტრიბუციის... თარიღი 1969.
300 ## - ფიზიკური აღწერა
Extent 312 გვ .:
Other physical details ნახაზ.
Dimensions 22 სმ.
653 ## - INDEX TERM--UNCONTROLLED
Uncontrolled term ელექტროამძრავის ზოგადი კურსი
653 ## - INDEX TERM--UNCONTROLLED
Uncontrolled term ტექნიკა
700 ## - ADDED ENTRY--PERSONAL NAME
Personal name ნიქაბაძე, გ
Relator term რედაქტორი
9 (RLIN) 1188
942 ## - ADDED ENTRY ELEMENTS (KOHA)
Koha item type წიგნი
Source of classification or shelving scheme
ეგზემპლარები
ჩამოწერის სტატუსი დაკარგული ეგზემპლარის სტატუსი კლასიფიკაციის წყარო ან თაროზე გაწყობის სქემა დაზიანების სტატუსი არ გაიცემა მუდმივი მდებარეობა (დაცვის ადგილი) ამჟამინდელი ადგილსამყოფელი თაროზე განთავსების ადგილი შეძენის თარიღი ღირებულება, შესყიდვის ნორმალური ფასი სრული შენახვის შიფრი შტრიხკოდი ბოლო ოპერაციის თარიღი ეგზემპლარის მიმდევრობითი ნომერი (კეტერი?) ფასის ძალაში შესვლის თარიღი ეგზემპლარის სახეობა საჯარო შენიშვნა
          ტექნოლოგიური ფაკულტეტის ბიბლიოთეკა ტექნოლოგიური ფაკულტეტის ბიბლიოთეკა წიგნსაცავი 2018-12-17 1.00 62-83 ი-50 10928 2018-12-17 10928 2018-12-17 წიგნი 1 ლ. 84 თ.
          ტექნოლოგიური ფაკულტეტის ბიბლიოთეკა ტექნოლოგიური ფაკულტეტის ბიბლიოთეკა წიგნსაცავი 2018-12-17 1.00 62-83 ი-50 10929 2018-12-17 10929 2018-12-17 წიგნი 1 ლ. 84 თ.
          ტექნოლოგიური ფაკულტეტის ბიბლიოთეკა ტექნოლოგიური ფაკულტეტის ბიბლიოთეკა წიგნსაცავი 2018-12-17 1.00 62-83 ი-50 10930 2018-12-17 10930 2018-12-17 წიგნი 1 ლ. 84 თ.
          ტექნოლოგიური ფაკულტეტის ბიბლიოთეკა ტექნოლოგიური ფაკულტეტის ბიბლიოთეკა წიგნსაცავი 2018-12-17 1.00 62-83 ი-50 10931 2018-12-17 10931 2018-12-17 წიგნი 1 ლ. 84 თ.
          ტექნოლოგიური ფაკულტეტის ბიბლიოთეკა ტექნოლოგიური ფაკულტეტის ბიბლიოთეკა წიგნსაცავი 2018-12-17 1.00 62-83 ი-50 10932 2018-12-17 10932 2018-12-17 წიგნი 1 ლ.84 თ.
          ტექნოლოგიური ფაკულტეტის ბიბლიოთეკა ტექნოლოგიური ფაკულტეტის ბიბლიოთეკა წიგნსაცავი 2018-12-17 1.00 62-83 ი-50 10933 2018-12-17 10933 2018-12-17 წიგნი 1 ლ. 84 თ.
          ტექნოლოგიური ფაკულტეტის ბიბლიოთეკა ტექნოლოგიური ფაკულტეტის ბიბლიოთეკა წიგნსაცავი 2018-12-17 1.00 62-83 ი-50 10934 2018-12-17 10934 2018-12-17 წიგნი 1 ლ. 84 თ.
          ტექნოლოგიური ფაკულტეტის ბიბლიოთეკა ტექნოლოგიური ფაკულტეტის ბიბლიოთეკა წიგნსაცავი 2018-12-17 1.00 62-83 ი-50 10935 2018-12-17 10935 2018-12-17 წიგნი 1 ლ. 84 თ.
          ტექნოლოგიური ფაკულტეტის ბიბლიოთეკა ტექნოლოგიური ფაკულტეტის ბიბლიოთეკა წიგნსაცავი 2018-12-17 1.00 62-83 ი-50 10936 2018-12-17 10936 2018-12-17 წიგნი 1 ლ. 84 თ.